000 00273nam a22001217a 4500
008 171107b xxu||||| |||| 00| 0 eng d
041 _aeng
080 _a330.722.6
100 _a62
101 _a,KON
245 _aFINACIAL MANAGERI ACCOUTING
_cWAREN.R
942 _2udc
_cBK
999 _c37991
_d37991